Planeación estratégica para una empresa de servicios de seguridad "Ultranic", en Nicaraqua /

Guardado en:
Detalles Bibliográficos
Autor principal: Cardenal Córdova, María Margarita (autor)
Otros autores: Cardenal Córdova, Fernando Javier (autor) (autor)
Formato: Tesis Libro
Idioma:Español
Publicado: Guadalajara, México : edición de autor, 1996
Temas:
Etiquetas: Agrega una etiqueta
Sin etiquetas, Sé el primero en etiquetar este registro!

MARC

LEADER 00000nam^a2200000^a^4500
001 000047881
005 20250521000000.0
009 20260310090106.003
037 |a Acervo ITESO - Biblioteca 
041 |a ESP 
090 |a LAE. 352 
100 |a Cardenal Córdova, María Margarita  |e (autor) 
245 1 0 |a Planeación estratégica para una empresa de servicios de seguridad "Ultranic", en Nicaraqua /  |c M.M. Cardenal Córdova, F.J. Cardenal Córdova. 
264 1 |a Guadalajara, México :  |b edición de autor,  |c 1996 
300 |a 188 p. 
336 |a texto  |b txt  |2 rdacontenido 
337 |a sin mediación  |b n  |2 rdamedio 
338 |a volumen  |b nc  |2 rdasoporte 
502 |a ITESO Tesis de Licenciatura en Administración de Empresas 
649 |a XX 
650 |a Sector Servicios 
650 |a Planeación Estratégica 
650 |a Administración 
650 |a Ciencias Administrativas 
700 |a Cardenal Córdova, Fernando Javier  |e (autor) 
910 |a Fondo General 
920 |a Impresos - Tesis del ITESO 
930 |a Colección General 
905 |a 104 
901 |a 0500003276  |b IT2  |c TSS  |u 20250521 
902 |a https://opac.biblio.iteso.mx/vufind/Record/000047881